000 00293nam a2200121Ia 4500
008 190216s9999||||xx |||||||||||||| ||und||
100 _aWaltor Grierson
245 0 _a20th Century Business Practice
260 _bLondon The Home Library
300 _axxviiip
650 _aCommerce
942 _cBK
999 _c4700
_d4700